| 000 | 01331nam a2200337 a 4500 | ||
|---|---|---|---|
| 001 | 000115771 | ||
| 003 | CHAP | ||
| 005 | 20220329144547.0 | ||
| 008 | 190703s2018 mx a sm |||||||spa d | ||
| 010 | _a112232 | ||
| 011 | _a113204 | ||
| 040 | _cCHAP | ||
| 090 | _aTesis | ||
| 100 | 1 |
_aMesino Santiago, Rosa Andrea. _9136507 |
|
| 245 | 1 | 0 |
_aCaracteristicas de la faena y prevalencia de tuberculosis bovina (Mycobacterium bovis) en el rastro municipal de Coyuca de Benitez, Guerrero / _h[En línea] _cpor Rosa Andrea Mesino Santiago. |
| 260 |
_aChapingo, Méx. : _bEl autor, _c2018. |
||
| 500 | _aPara ver el contenido del material haga clic en la liga | ||
| 502 | _aTesis (Ing. Agr. Zootecnista) -- Colegio Superior Agropecuario del Estado de Guerrero. Centro de Estudios Profesionales | ||
| 590 |
_aBATCH-UPD _b10 _c20190716 _lUCH01 _h1152 |
||
| 590 |
_aE11695DGD _b10 _c20190716 _lUCH01 _h1151 |
||
| 590 |
_aE8697GMM _b05 _c20190703 _lUCH01 _h1306 |
||
| 590 |
_aE8697GMM _b05 _c20190703 _lUCH01 _h1307 |
||
| 590 |
_aE8697GMM _b05 _c20190703 _lUCH01 _h1501 |
||
| 650 |
_aGanado vacuno _xEnfermedades _945460 |
||
| 650 |
_aGanado vacuno _xRazas _945509 |
||
| 650 |
_aTuberculosis en ganado _9115475 |
||
| 856 |
_aFinding aid _uhttp://10.13.5.2/tesis/sist115771.pdf _zTeclea aquí |
||
| 901 | _aBK | ||
| 942 | _cTESIS | ||
| 942 | _n0 | ||
| 999 |
_c112232 _d112232 |
||